000 00926nam a2200217Ia 4500
999 _c34883
_d34883
001 704
003 GE_BSU
005 20211015114420.0
008 181216s1977||||ge |||||||||||||| ||geo||
040 _cGE_BSU
041 _ageo
080 _a796.8(075.8) მ–97
245 _aმძლეოსნობა :
_bსახელმძღვ. ფიზ. კულტურის ინსტიტუტებისათვის /
_cდ. მარკოვისა და ნ. ოზოლინის რედაქტორობით.
264 _aთბილისი :
_bგანათლება,
_c1977.
300 _a638 გვ.
_bილ. ;
_c22 სმ.
653 _aმძლეოსნობა
653 _aსპორტი
700 _aმარკოვი, დ
_eრედაქტორი
_912664
700 _aოზოლინი, ნ.
_eრედაქტორი
_912665
942 _cBK
_2udc